00412nam a2200121Ia 4500008004100000082000900041100001500050245005900065260004200124365000600166630005900172730005900231100415s9999 xx 000 0 und d b5779 aParker,B.M aDependent Plants : The Basre Sciences Education Series aEVANSTONc1957bROW, PETERSON AND CO. b0 aDependent Plants : The Basre Sciences Education Series aDependent Plants : The Basre Sciences Education Series